Secuestro en embajada nicaragüense: un mal precedente /

Uloženo v:
Podrobná bibliografie
Hlavní autor: Cuadra, Scarlet
Médium: Text
Tagy: Přidat tag
Žádné tagy, Buďte první, kdo vytvoří štítek k tomuto záznamu!

MARC

LEADER 00000 a a2200000 04500
001 45966
003
040
100 |a Cuadra, Scarlet  
245 |a Secuestro en embajada nicaragüense:   |b un mal precedente /  |c Scarlet Cuadra  
773 |g volumen13, número360 (1993), páginas 10-11  
999 |c 17851  |d 17851